000
00345nam a22001577a 4500
003
SGT
020
_a
9789388028028
082
_a
005,MAL
100
_a
MALL , RAJIB
245
_a
FUNDAMENTAL OF SOFTWARE ENGINEERING
250
_a
5TH
260
_a
NEW DELHI
_b
PHI LEARNING
_c
2019
300
_a
590
650
_a
COMPUTER
942
_2
ddc
_c
BK
999
_c
21071
_d
21071